000 00281nam a2200121Ia 4500
008 190216s9999||||xx |||||||||||||| ||und||
100 _aRabindranath Tagore
245 0 _aSacrifice
260 _bLongman &green &co
_c1963
300 _a256p
650 _aEnglish Drama
942 _cBK
999 _c11564
_d11564